000
00326nam a2200133Ia 4500
005
20251222152023.0
008
251222s9999||||xx |||||||||||||| ||spa||
082
_a
631.4/M95
100
_a
Munive Jaureguí, Honorio Eloy
245
0
_a
Guía de Prácticas de Edafología
250
_a
1ra.ed.
264
_b
UCSS
942
_c
LIB
999
_c
25368
_d
25368